Nemecko-slovenský slovensko-nemecký slovník = Deutsch-slovakisches slovakisch-deutsches Wörterbuch /
Guardado en:
| Autores principales: | , , |
|---|---|
| Formato: | Libro |
| Lenguaje: | lenguas múltiples |
| Publicado: |
Bratislava :
Slovenské pedagogické nakladateľstvo,
1991
|
| Edición: | 1.vyd. |
| Materias: | |
| Etiquetas: |
Sin Etiquetas, Sea el primero en etiquetar este registro!
|
MARC
| LEADER | 00000nam a22000003a 4500 | ||
|---|---|---|---|
| 001 | stu38275 | ||
| 005 | 20150617225724.6 | ||
| 008 | 920924s1991----cs------------------mul-d | ||
| 020 | |a 80-08-00299-9 | ||
| 040 | |a STU |b slo | ||
| 041 | 0 | |a mul | |
| 044 | |a cs | ||
| 080 | |a 801.323.2=30=854=30 | ||
| 100 | 1 | |a Kovácsová, Eleonóra |4 aut | |
| 245 | 1 | |a Nemecko-slovenský slovensko-nemecký slovník = Deutsch-slovakisches slovakisch-deutsches Wörterbuch / |c [aut.]Eleonóra Kovácsová, Emília Péchyová, Alena Vokounová | |
| 250 | |a 1.vyd. | ||
| 260 | |a Bratislava : |b Slovenské pedagogické nakladateľstvo, |c 1991 | ||
| 300 | |a 705 s | ||
| 650 | 7 | |a slovníky nemecko-slovenské |2 stusub | |
| 650 | 7 | |a Slovníky slovensko-nemecké |2 stusub | |
| 700 | 1 | |a Péchyová, Emília |4 aut | |
| 700 | 1 | |a Vokounová, Alena |4 aut | |
| 996 | |b 284M051167 |c M*8104-1 |l MMKN |s A |a 24 |w stu38275_0001 | ||
| 996 | |b 284M081835 |c M*8104-2 |l MMKN |s A |a 24 |w stu38275_0002 | ||